|
|
|
|
| LEADER |
00000caa a22000002c 4500 |
| 001 |
1635545633 |
| 003 |
DE-627 |
| 005 |
20220608105148.0 |
| 007 |
tu |
| 008 |
131219s2013 xx ||||| 00| ||eng c |
| 035 |
|
|
|a (DE-627)1635545633
|
| 035 |
|
|
|a (DE-576)399204350
|
| 035 |
|
|
|a (DE-599)BSZ399204350
|
| 040 |
|
|
|a DE-627
|b ger
|c DE-627
|e rakwb
|
| 041 |
|
|
|a eng
|
| 100 |
1 |
|
|a Tonry, Michael H.
|d 1954-
|0 (DE-588)112629741
|0 (DE-627)691155380
|0 (DE-576)16440743X
|4 aut
|
| 109 |
|
|
|a Tonry, Michael H. 1954-
|a Tonry, M. 1954-
|a Tonry, Michael 1954-
|
| 245 |
1 |
0 |
|a 'Nothing' Works
|b Sentencing 'Reform' in Canada and the United States
|c Michael Tonry
|
| 264 |
|
1 |
|c 2013
|
| 336 |
|
|
|a Text
|b txt
|2 rdacontent
|
| 337 |
|
|
|a ohne Hilfsmittel zu benutzen
|b n
|2 rdamedia
|
| 338 |
|
|
|a Band
|b nc
|2 rdacarrier
|
| 773 |
0 |
8 |
|i In
|t Canadian journal of criminology and criminal justice
|d Ottawa, Ont. : Assoc., 2003
|g 55(2013), 4, Seite 465-480
|w (DE-627)364113855
|w (DE-600)2110799-3
|w (DE-576)105431184
|x 1707-7753
|7 nnas
|
| 773 |
1 |
8 |
|g volume:55
|g year:2013
|g number:4
|g pages:465-480
|
| 951 |
|
|
|a AR
|
| ELC |
|
|
|b 1
|
| LOK |
|
|
|0 000 xxxxxcx a22 zn 4500
|
| LOK |
|
|
|0 001 3291949870
|
| LOK |
|
|
|0 003 DE-627
|
| LOK |
|
|
|0 004 1635545633
|
| LOK |
|
|
|0 005 20260302143840
|
| LOK |
|
|
|0 008 131219||||||||||||||||ger|||||||
|
| LOK |
|
|
|0 040
|a DE-21-110
|c DE-627
|d DE-21-110
|
| LOK |
|
|
|0 689
|a s
|a Strafzumessung
|
| LOK |
|
|
|0 689
|a s
|a Strafzumessungsreform
|
| LOK |
|
|
|0 689
|a s
|a Strafzumessungspolitik
|
| LOK |
|
|
|0 689
|a g
|a Kanada
|
| LOK |
|
|
|0 852
|z Kein Bestand am IfK; Nachweis für KrimDok
|
| LOK |
|
|
|0 852
|a DE-21-110
|
| LOK |
|
|
|0 852 1
|m v
|9 00
|
| LOK |
|
|
|0 938
|k v
|
| LOK |
|
|
|0 939
|a 19-12-13
|b l01
|
| ORI |
|
|
|a WA-MARC-krimdoka001.raw
|